| 000 | 00365nam a2200133 a 4500 | ||
|---|---|---|---|
| 001 | 4983 | ||
| 003 | CDMR | ||
| 005 | 20130116135303.0 | ||
| 008 | 130130s2003||||||||||||||||||||||||||||d | ||
| 040 |
_aCDMR _bcat _cCDMR |
||
| 245 | 0 | _aLLibre del Fòrum Mundial de la TV Infantil 2002 | |
| 260 |
_aBarcelona _c2003 _bObservatori Europeu de la Televisió Infantil |
||
| 942 | _cMON | ||
| 999 |
_c4983 _d4983 |
||